Faik : a practical guide to living in a world of deepfakes, disinformation, and AI-generated deceptions

Saved in:
Bibliographic Details
Main Author Carpenter, Perry (Author)
Format Electronic eBook
LanguageEnglish
Published Hoboken, New Jersey : John Wiley & Sons, Inc., [2025]
Subjects
Online AccessFull text
ISBN9781394299898
9781394299904
9781394344291
9781394299881
Physical Description1 online zdroj (xx, 268 stran) : ilustrace

Cover

LEADER 00000nam a2200000 i 4500
001 114066
003 CZ-ZlUTB
005 20260520132637.0
006 m o d
007 cr cnu---unuuu
008 240824t20252025njua eof 001 0 eng d
020 |a 9781394299898  |q (electronic bk.) 
020 |a 9781394299904  |q (electronic bk.) 
020 |a 9781394344291  |q (electronic bk.) 
020 |z 9781394299881  |q (hardback) 
024 7 |a 10.1002/9781394344291  |2 doi 
040 |a EBZ  |b eng  |c EBZ  |e rda 
072 7 |a 316.4/.7  |x Sociální interakce. Sociální komunikace  |2 Konspekt  |9 18 
080 |a 004.8  |2 MRF 
080 |a 316.776-021.191  |2 MRF 
080 |a 316.774:316.776.33/.34  |2 MRF 
080 |a (0.034.2:08)  |2 MRF 
080 |a (035)  |2 MRF 
100 1 |a Carpenter, Perry,  |e author. 
245 1 0 |a Faik :  |b a practical guide to living in a world of deepfakes, disinformation, and AI-generated deceptions /  |c Perry Carpenter. 
264 1 |a Hoboken, New Jersey :  |b John Wiley & Sons, Inc.,  |c [2025] 
264 4 |c ©2025 
300 |a 1 online zdroj (xx, 268 stran) :  |b ilustrace 
336 |a text  |b txt  |2 rdacontent 
337 |a počítač  |b c  |2 rdamedia 
338 |a online zdroj  |b cr  |2 rdacarrier 
504 |a Obsahuje bibliografické odkazy a rejstřík 
506 |a Plný text je dostupný pouze z IP adres počítačů Univerzity Tomáše Bati ve Zlíně nebo vzdáleným přístupem pro zaměstnance a studenty 
588 |a Description based on online resource; title from digital title page (viewed on April 15, 2025). 
650 0 7 |a umělá inteligence  |7 ph116536  |2 czenas 
650 0 7 |a dezinformace  |7 ph138026  |2 czenas 
650 0 7 |a mediální gramotnost  |7 ph307593  |2 czenas 
650 0 9 |a artificial intelligence  |2 eczenas 
650 0 9 |a disinformation  |2 eczenas 
650 0 9 |a media literacy  |2 eczenas 
655 7 |a elektronické knihy  |7 fd186907  |2 czenas 
655 7 |a příručky  |7 fd133209  |2 czenas 
655 9 |a electronic books  |2 eczenas 
655 9 |a handbooks and manuals  |2 eczenas 
776 0 8 |i Print version:  |a Carpenter, Perry.  |t Faik.  |d Hoboken, New Jersey : John Wiley & Sons, Inc., [2025]  |z 9781394299881 
856 4 0 |u https://search.ebscohost.com/login.aspx?direct=true&scope=site&db=nlebk&db=nlabk&AN=4002508&authtype=ip,shib&custid=s3936755 
942 |2 udc 
992 |c EBOOK-TN  |c EBSCO 
993 |x NEPOSILAT  |y EIZ 
999 |c 114066  |d 114066